<?xml version="1.0" encoding="UTF-8"?>
<record
    xmlns:xsi="http://www.w3.org/2001/XMLSchema-instance"
    xsi:schemaLocation="http://www.loc.gov/MARC21/slim http://www.loc.gov/standards/marcxml/schema/MARC21slim.xsd"
    xmlns="http://www.loc.gov/MARC21/slim">

  <leader>00446    a2200157   4500</leader>
  <controlfield tag="005">20240726124538.0</controlfield>
  <controlfield tag="008">240726b        |||||||| |||| 00| 0 eng d</controlfield>
  <datafield tag="020" ind1=" " ind2=" ">
    <subfield code="a">9781119115625</subfield>
  </datafield>
  <datafield tag="082" ind1=" " ind2=" ">
    <subfield code="a">720.28/MEL</subfield>
  </datafield>
  <datafield tag="100" ind1=" " ind2=" ">
    <subfield code="a">Melendez F</subfield>
    <subfield code="9">207955</subfield>
  </datafield>
  <datafield tag="245" ind1=" " ind2=" ">
    <subfield code="a">Drawing From The Model: Fundamentals of Digital Drawing</subfield>
  </datafield>
  <datafield tag="260" ind1=" " ind2=" ">
    <subfield code="b">Wiley</subfield>
    <subfield code="c">2019</subfield>
    <subfield code="a">New Jersay</subfield>
  </datafield>
  <datafield tag="300" ind1=" " ind2=" ">
    <subfield code="a">337p</subfield>
    <subfield code="b">PB</subfield>
  </datafield>
  <datafield tag="500" ind1=" " ind2=" ">
    <subfield code="a">Architectural Drawing
Architectural Model</subfield>
  </datafield>
  <datafield tag="942" ind1=" " ind2=" ">
    <subfield code="c">RF</subfield>
  </datafield>
  <datafield tag="999" ind1=" " ind2=" ">
    <subfield code="c">359154</subfield>
    <subfield code="d">359154</subfield>
  </datafield>
  <datafield tag="952" ind1=" " ind2=" ">
    <subfield code="0">0</subfield>
    <subfield code="1">0</subfield>
    <subfield code="2">ddc</subfield>
    <subfield code="4">0</subfield>
    <subfield code="7">1</subfield>
    <subfield code="8">Book of B Arch</subfield>
    <subfield code="a">BNCA</subfield>
    <subfield code="b">BNCA</subfield>
    <subfield code="d">2024-07-24</subfield>
    <subfield code="e">169</subfield>
    <subfield code="g">3875.36</subfield>
    <subfield code="o">720.28/MEL</subfield>
    <subfield code="p">BNCA-BK-12722</subfield>
    <subfield code="r">2024-07-26 00:00:00</subfield>
    <subfield code="v">6151.37</subfield>
    <subfield code="w">2024-07-26</subfield>
    <subfield code="y">RF</subfield>
  </datafield>
</record>
